000 00815nas a2200277 4500
001 BR0102106
003 BR-BrBNA
005 20231205102231.0
007 ta
008 230509b bl.|||p| |||| 00| 00por d
040 _aBR-BrBNA
_bpor
_cBiblioteca Nacional de Agricultura
041 _a(Pt)
072 _aJ10
100 1 _aMelo, Z.L. de O.
100 1 _aVarela, V.P.
245 1 _aViabilidade de sementes de taxi-vermelho (Sclerolobium melanocarpum Ducke)
650 _aArvore Angiosperma
650 _aSilvicultura
650 _aSemente
650 _aSecagem
650 _aArmazenamento
650 _aGerminacao
773 0 _tRevista de Ciencias Agrarias (Brazil)
_xISSN 1517-591X
_g(Jan-Jun 2000), no. 33 p. 103-108
_wBR0102106
909 _a202311
_bLúcia
_c55
_dLúcia Elande
942 _2AGRIS
_n0
_cANA
999 _c166459
_d166459